ბათუმის შოთა რუსთაველის სახელმწიფო უნივერსიტეტის ბიბლიოთეკა

Naxcivan Dövlet. uniniversiteti Nakhchlivan state universitetНахчыванский государственный университет / (ბიბ.ჩანაწერი № 36428)

000 -LEADER
fixed length control field 00836nam a2200205Ia 4500
001 - CONTROL NUMBER
control field 2342
003 - CONTROL NUMBER IDENTIFIER
control field GE_BSU
005 - DATE AND TIME OF LATEST TRANSACTION
control field 20221025110349.0
008 - FIXED-LENGTH DATA ELEMENTS--GENERAL INFORMATION
fixed length control field 181216s2007az xx |||||||||||||| ||aze||
040 ## - CATALOGING SOURCE
Transcribing agency GE_BSU
041 ## - LANGUAGE CODE
Language code of text/sound track or separate title aze
080 ## - UNIVERSAL DECIMAL CLASSIFICATION NUMBER
Universal Decimal Classification number 378(479.24) H-46
100 ## - MAIN ENTRY--PERSONAL NAME
Personal name Habbibayli, Isa.
9 (RLIN) 15521
245 ## - TITLE STATEMENT
Title Naxcivan Dövlet. uniniversiteti Nakhchlivan state universitetНахчыванский государственный университет /
Statement of responsibility, etc. Isa Habbibayli.
264 ## - PRODUCTION, PUBLICATION, DISTRIBUTION, MANUFACTURE, AND COPYRIGHT NOTICE
Place of production, publication, distribution, manufacture Naxçivan,
Date of production, publication, distribution, manufacture, or copyright notice 2007.
300 ## - PHYSICAL DESCRIPTION
Extent 76 c.:
Other physical details илл.
653 ## - INDEX TERM--UNCONTROLLED
keyword Naxcivan Dövlet. uniniversiteti Nakhchlivan state universitetНахчыванский государственный университет.
653 ## - INDEX TERM--UNCONTROLLED
keyword ნახჭევანის სახელმწიფო უნივერსიტეტი
942 ## - ADDED ENTRY ELEMENTS (KOHA)
Koha item type წიგნი
Source of classification or shelving scheme
ეგზემპლარები
Withdrawn status Lost status Source of classification or shelving scheme Damaged status Not for loan Permanent Location Current Location Shelving location Date acquired Cost, normal purchase price Full call number Barcode Date last seen Copy number Price effective from Koha item type Public note
          ბათუმის შოთა რუსთაველის სახელმწიფო უნივერსიტეტის მთავარი ბიბლიოთეკა ბათუმის შოთა რუსთაველის სახელმწიფო უნივერსიტეტის მთავარი ბიბლიოთეკა წიგნსაცავი 2018-12-17 8.00 378(479.24) H-46 4520 2018-12-17 4520 2018-12-17 წიგნი 8.00